Bienvenue à la Médiathèque de Saint-Andiol
banniere
Accueil Recherche avancée Mon compte
handi1 Rechercher dans le catalogue

Filtre   Mots-clés
  Recherche avancée
 
Lister les dernières nouveautés
 
Lister les livres GROS CARACTERES
 
Lister les périodiques (magazines)

handi1 Le Diable de Milan

Book Cover
Auteur principal : Martin Suter
Autres auteurs : Olivier Mannoni
Titre : Le Diable de Milan
Support : Livres
Langue :
Publié : 2006 Christian Bourgois
Genre : Roman
Sujets :
Étiquettes :
Pas de tags
LEADER 00756nam0a2200157 450
001 16811927
010 |a 2-267-01848-9 
100 |a 20070418d2006 u u0frey01 ba 
200 0 |a Le Diable de Milan  |f Suter Martin  |g Mannoni Olivier 
210 |c Christian Bourgois  |d 2006 
330 |a Tout juste sortie d'un mariage étouffant et tumultueux, Sonia quitte la ville pour aller travailler comme physiothérapeute dans un hôtel de luxe de l'Engadine. Dans ce lieu mystérieux chargé d'histoire mais doté des derniers équipements en balnéothérapie, 
700 0 |a Suter  |b Martin  |f 1948-....  |4 70 
702 0 |a Mannoni  |b Olivier  |f 1960-....  |4 70 
900 |a Roman 
901 |a Adultes 
995 |a Médiathèque  |c Médiathèque  |f 089009129  |h 089009129  |k R SUT  |o p  |q a  |r az  |e Médiathèque